Beginning MySQL

Bibliographic Details
Main Authors: Sheldon, Robert , 1955- (Author), Moes, Geoff , 1963- (Author)
Format: Book
Language:English
Published: Indianapolis, IN : Wiley Publishing , c2005
Subjects:

MARC

LEADER 00000cam a2200000 7i4500
001 0000008125
005 20080413093000.0
008 070913s2005 inu eng
020 |a 0764579509 (pbk.) 
090 0 0 |a QA76.3.S67   |b S54 2005 
100 1 |a Sheldon, Robert ,   |d 1955- ,   |e author 
245 1 0 |a Beginning MySQL   |c Robert Sheldon and Geoff Moes 
260 |a Indianapolis, IN :   |b Wiley Publishing ,   |c c2005 
300 |a xxiv, 840 p. :   |b ill. ;   |c 25 cm. 
500 |a "Programmer to programmer"--Cover 
504 |a Includes bibliographical references and index 
505 1 |a 1. Introducing the MySQL relational database management system 2. Installing MySQL -- 3. Working with MySQL -- 4. Designing a relational database -- 5. Managing databases, tables, and indexes -- 6. Manipulating data in a MySQL database -- 7. Retrieving data from a MySQL database -- 8. Using operators in your SQL statements -- 9. Using functions in your SQL statements -- 10. Accessing data in multiple tables -- 11. Exporting, copying, and importing data -- 12. Managing transactions -- 13. Administering MySQL -- 14. Managing MySQL security -- 15. Optimizing performance -- 16. Managing backup, recovery, and replication -- 17. Connecting to MySQL from a PHP application -- 18. Connecting to MySQL from a Java/J2EE application -- 19. Connecting to MySQL from an ASP.NET/C# application 
630 0 0 |a SQL (Computer program language) 
650 0 |a MySQL (Electronic resource) 
700 1 |a Moes, Geoff ,   |d 1963- ,   |e author 
999 |a 1000105751   |b Book   |c OPEN SHELF (30 DAYS)   |e Tembila Campus